000 00825nam a2200241Ia 4500
003 OSt
005 20220923223925.0
006 a|||||r|||| 00| 0
007 ta
008 220922b |||||||| |||| 00| 0 hin d
024 _a223,386
037 _cTextual
040 _aARTS
_cARTS
_bhin
041 _2hin
_ahin
082 _aw2,N5, 152P4
100 _aव्होरा, आशारानी
_9156271
245 0 _aस्वाधीनता सेनानी लेखक - पत्रकार
246 _aSvādhīnatā senānī lekhak - patrakāra
260 _aनई दिल्ली
_b प्रतिभा प्रतिष्ठान
_c2004
300 _a260पृ.
_ccm.
942 _hw2,N5, 152P4
_cTEXL
_2CC
999 _c368277
_d368277